G12珲乌高速公路途经的地级和县级行政区 - 地图版 - Statistics

General Stats
  • This quiz has been taken 33 times
  • The average score is 21 of 25
Answers on the Map
Answers color-coded by a green-red scale on the quiz's map according to % correct below.
 
Answer Stats
县级行政区 % Correct
珲春市
96%
延边朝鲜族自治州
96%
吉林市
96%
长春市
96%
松原市
96%
白城市
96%
兴安盟
96%
图们市
93%
延吉市
93%
乌兰浩特市
93%
敦化市
86%
九台区
86%
安图县
82%
宽城区
82%
前郭尔罗斯蒙古族自治县
82%
龙井市
79%
蛟河市
79%
农安县
79%
大安市
79%
洮北区
79%
昌邑区
75%
二道区
75%
龙潭区
71%
船营区
71%
宁江区
71%
No matching quizzes found
Score Distribution
Percent of People with Each Score
Percentile by Number Answered
Your Score History
You have not taken this quiz